Equipos que han participado en Primera RFEF - Estadísticas

Estadísticas generales
  • Esta prueba ha sido intentada 68 veces
  • La puntuación promedio es 53 de 81
Estadísticas de respuestas
Nº temporadas Club % Correcto
5 Real Madrid Castilla C.F.
96%
4 F.C. Barcelona Atlètic
94%
3 R.C. Deportivo de La Coruña
94%
5 Club Gimnàstic de Tarragona
91%
1 C.D. Tenerife
89%
5 R.C. Celta de Vigo Fortuna
89%
4 Real Murcia C.F.
87%
3 Real Sociedad "B"
87%
2 Hércules de Alicante C.F.
85%
1 Málaga C.F.
85%
2 R.C. Recreativo de Huelva
85%
3 Villarreal C.F. "B"
85%
2 Córdoba C.F.
83%
3 Atlético Madrileño
81%
4 Cultural y Deportiva Leonesa
81%
2 Pontevedra C.F.
81%
4 Bilbao Athletic
79%
3 C.D. Castellón
79%
3 C.D. Lugo
79%
4 Real Unión Club
79%
3 Sevilla Atlético
79%
4 A.D. Mérida
77%
4 C.E. Sabadell F.C.
77%
1 F.C. Cartagena
77%
3 Racing Club de Ferrol
77%
1 Real Racing Club de Santander
77%
2 Barakaldo C.F.
74%
3 Betis Deportivo Balompié
74%
4 C.A. Osasuna Promesas
74%
1 C.D. Numancia de Soria
74%
2 Ourense C.F.
74%
3 S.D. Ponferradina
74%
3 A.D. Ceuta F.C.
72%
1 Arenas Club
72%
1 C.P. Cacereño
72%
3 U.D. Ibiza
72%
2 A.D. Alcorcón
70%
1 Albacete Balompié
70%
2 C.D. Badajoz
70%
2 C.D. Teruel
70%
3 C.D. Arenteiro
68%
2 C.D. Eldense
66%
1 Real Avilés Industrial C.F.
66%
2 S.D. Amorebieta
66%
3 Zamora C.F.
66%
5 Algeciras C.F.
64%
2 F.C. Andorra
64%
2 Marbella F.C.
64%
5 Unionistas de Salamanca C.F.
64%
1 C.E. Europa
62%
3 C.F. Fuenlabrada
62%
3 Antequera C.F.
60%
3 San Fernando C.D.
60%
1 C.D. Guadalajara
57%
3 C.F. Talavera de la Reina
57%
1 Extremadura U.D.
57%
1 U.D. Melilla
57%
4 C.D. Alcoyano
55%
3 S.D. Logroñés
55%
2 U.D. Logroñés
55%
1 Gimnástica Segoviana C.F.
53%
3 S.D. Tarazona
53%
2 Sestao River Club
53%
3 C.D. Atlético Baleares
51%
3 C.F. Rayo Majadahonda
51%
4 Atlético Sanluqueño C.F.
49%
1 Club Recreativo Granada
49%
1 Juventud de Torremolinos C.F.
47%
1 Real Valladolid C.F. Promesas
47%
3 Linares Deportivo
45%
1 UCAM Murcia C.F.
45%
1 U.E. Costa Brava
45%
3 C.F. Intercity
40%
3 U.E. Cornellà
34%
1 C.D. Tudelano
32%
1 Club de Fútbol Internacional de Madrid
32%
2 R.B. Linense
32%
1 Yeclano Deportivo
32%
2 C.D. Calahorra
26%
1 C.F. La Nucía
17%
2 U.D. San Sebastián de los Reyes
15%
No se encontraron pruebas coincidentes
Distribución de puntuación
Porcentaje de gente con cada puntuación
Porcentaje por número respondido
Historial de tus puntuaciones
No has intentado esta prueba.